Mathematica in Action (Record no. 12453)
[ view plain ]
| 000 -LEADER | |
|---|---|
| fixed length control field | 00193nam a22000977a 4500 |
| 020 ## - INTERNATIONAL STANDARD BOOK NUMBER | |
| ISBN | 0-7167-2229-1 |
| 082 ## - DEWEY DECIMAL CLASSIFICATION NUMBER | |
| Classification number | 510.285 |
| 100 ## - MAIN ENTRY--AUTHOR NAME | |
| Personal name | Stan Wagon |
| 245 ## - TITLE STATEMENT | |
| Title | Mathematica in Action |
| 942 ## - ADDED ENTRY ELEMENTS (KOHA) | |
| Koha item type | Books |
| Withdrawn status | Lost status | Collection code | Permanent Location | Current Location | Shelving location | Date acquired | Full call number | Accession Number | Koha item type |
|---|---|---|---|---|---|---|---|---|---|
| | | Mathematics | MAJU | MAJU | Shelf No.A26 | 2020-07-21 | 510.285 | 247 | Mathematics |